[Event "15th Dubai Open 2013"]
[Site "Dubai UAE"]
[Date "2013.04.08"]
[Round "2.38"]
[White "Nyazi, Nehad"]
[Black "Shoker, Samy"]
[Result "0-1"]
[WhiteElo "2203"]
[BlackElo "2480"]
[PlyCount "48"]
[EventDate "2013.04.07"]

1. d4 g6 2. c4 Bg7 3. e4 d6 4. Nc3 Nf6 5. Be2 a6 6. Nf3 Bg4 7. Be3 Nfd7 8. Qd2
Nc6 9. O-O-O e5 10. Nxe5 dxe5 11. Bxg4 exd4 12. Bg5 Nf6 13. e5 Nxe5 14. Rhe1
O-O 15. Rxe5 dxc3 16. Qf4 cxb2+ 17. Kb1 Nxg4 18. Rxd8 Nxe5 19. Rxa8 Rxa8 20.
Qe4 Nc6 21. h4 h6 22. Bd2 Rd8 23. Qc2 Nd4 24. Qxb2 b5 0-1

[Event "15th Dubai Open 2013"]
[Site "Dubai UAE"]
[Date "2013.04.08"]
[Round "2.39"]
[White "Paehtz, Elisabeth"]
[Black "Makropoulou, Marina"]
[Result "1-0"]
[WhiteElo "2479"]
[BlackElo "2227"]
[PlyCount "76"]
[EventDate "2013.04.07"]

1. Nf3 Nf6 2. g3 g6 3. d4 Bg7 4. Bg2 d6 5. c4 O-O 6. O-O Nc6 7. Nc3 a6 8. Re1
Rb8 9. Rb1 Bf5 10. e4 Bg4 11. Be3 Qc8 12. Qd3 Re8 13. Ne2 e5 14. d5 Nb4 15. Qd2
a5 16. Nc3 Na6 17. Qc2 Nc5 18. Nd2 b6 19. a3 Nh5 {Nachdem WeiÃŸ ihre Stellung
konsolidiert hat, rÃ¼ckt sie am DamenflÃ¼gel mit den Bauern vor...} 20. b4 axb4
21. axb4 Nb7 22. Nb3 Bh3 23. f3 Bxg2 24. Kxg2 f5 25. Bg1 Nf6 26. Nb5 fxe4 27.
fxe4 Bh6 28. c5 {... und verwirklicht mit dem VorstoÃŸ c5 schlieÃŸlich ihren
strategischen Plan.} bxc5 29. bxc5 Nxc5 30. Nxc5 dxc5 31. Qxc5 Bd2 32. Re2 Qg4
33. Qc4 Ba5 34. d6+ Kh8 35. dxc7 Bxc7 36. Rf1 Nh5 37. Nxc7 Nf4+ 38. Rxf4 exf4
1-0

[Event "15th Dubai Open 2013"]
[Site "Dubai UAE"]
[Date "2013.04.08"]
[Round "2.40"]
[White "Sobh, Amrou"]
[Black "Deepan, Chakkravarthy J"]
[Result "1-0"]
[WhiteElo "2177"]
[BlackElo "2477"]
[PlyCount "70"]
[EventDate "2013.04.07"]

1. e4 c5 2. Nf3 d6 3. d3 g6 4. g3 Bg7 5. Bg2 Nc6 6. c3 e5 7. O-O Nge7 8. a3 O-O
9. b4 h6 10. b5 Na5 11. Nh4 c4 12. dxc4 Nxc4 13. Nd2 Be6 14. a4 Qc7 15. Nxc4
Bxc4 16. Re1 d5 17. Ba3 Rfd8 18. exd5 Nxd5 19. Qf3 a6 20. bxa6 Rxa6 21. Bb2 Rf6
22. Qe4 Rxf2 23. Kxf2 Qc5+ 24. Kf3 f5 25. Qxe5 Bxe5 26. Rxe5 Qb6 27. Bc1 Nxc3
28. Be3 Qb2 29. Re1 Be2+ 30. Kf2 Nd1+ 31. Kg1 Qxe5 32. Rxe2 Nxe3 33. Nxg6 Rd1+
34. Kf2 Ng4+ 35. Kf3 Rd3+ 1-0